| 000 | 00773nam a22002657a 4500 | ||
|---|---|---|---|
| 003 | CHAP | ||
| 005 | 20220329133707.0 | ||
| 008 | 971013s1993 r 00010 d | ||
| 010 | _a9592 | ||
| 011 | _a10564 | ||
| 035 | _a9801 | ||
| 040 | _cCHAP | ||
| 090 | _aFolleto 14262 | ||
| 110 |
_aInternational Rice Research Institute _959779 |
||
| 245 | _aRice in crucial environments | ||
| 260 |
_aManila, Philippines : _bThe Institute, _c1993 |
||
| 300 |
_a65 p. _b: ilus |
||
| 590 |
_aBATCH-UPD _b10 _c20130110 _lUCH01 _h2026 |
||
| 590 |
_aCONVERSION _b10 _c20130109 _lUCH01 _h1306 |
||
| 650 | 1 | 4 |
_aArroz _xEfecto del medio ambiente. _97598 |
| 650 | 1 | 4 |
_aArroz _xRendimiento. _97651 |
| 901 | _aBK | ||
| 942 | _cFOLL | ||
| 949 |
_aFolleto 14262 _bBC _cFOLL _d-20894 _eTS1 _i9801 _mD _si |
||
| 999 |
_c9592 _d9592 |
||